| 000 | 01056nam a22003257a 4500 | ||
|---|---|---|---|
| 003 | CHAP | ||
| 005 | 20220329141624.0 | ||
| 008 | 971013s1983 r 00010 d | ||
| 010 | _a71185 | ||
| 011 | _a72157 | ||
| 035 | _a81711 | ||
| 040 | _cCHAP | ||
| 090 | _aTesis | ||
| 100 | 0 | 0 |
_aAdame Ramírez, Arturo. _9833 |
| 245 | _aSuplementación del ganado de carne en pastoreo | ||
| 260 |
_aMarín, N.L. : _bEl autor, _c1983 |
||
| 300 | _a38 h. | ||
| 502 | _aTesis (Ing. Agr. Zootecnista) -- Univ. Autónoma de Nuevo León. Fac. de Agronomía | ||
| 590 |
_aALEPH _b10 _c20130110 _lUCH01 _h1411 |
||
| 590 |
_aBATCH-UPD _b10 _c20130110 _lUCH01 _h0549 |
||
| 590 |
_aBATCH-UPD _b10 _c20130410 _lUCH01 _h0231 |
||
| 590 |
_aBATCH-UPD _b10 _c20130913 _lUCH01 _h1924 |
||
| 590 |
_aCONVERSION _b10 _c20130109 _lUCH01 _h1339 |
||
| 650 | 1 | 4 |
_aGanado de carne _xAlimentación. _945068 |
| 650 | 1 | 4 |
_aGanado de carne _xEngorda. _945081 |
| 650 | 1 | 4 |
_aGanado de carne _xPastoreo. _945101 |
| 901 | _aBK | ||
| 942 | _cTESIS | ||
| 949 |
_bBC _cTES _d-35289 _eTS1 _h18437 _i81711 _mD _si |
||
| 999 |
_c71185 _d71185 |
||